A Kínai Tudományos Akadémia Matematikai Kutatócsoport tagjainak újévi üdvözlete Kalmár Lászlóhoz

Elmentve itt :
Bibliográfiai részletek
Dokumentumtípus: Kézirat
Megjelent: 1959-02-10
Kulcsszavak:Levelezés - Kínai Tudományos Akadémia. Matematikai Kutatócsoport - Kalmár László
Online Access:http://misc.bibl.u-szeged.hu/57168
LEADER 00677ntm a2200157 i 4500
001 misc57168
005 20200925121223.0
008 200622s1959 hu o 0|| chi d
040 |a SZTE Miscellanea Repozitórium  |b hun 
041 |a chi 
245 0 2 |a A Kínai Tudományos Akadémia Matematikai Kutatócsoport tagjainak újévi üdvözlete Kalmár Lászlóhoz  |h [elektronikus dokumentum] 
260 |c 1959-02-10 
300 |a 2 fol. + 1 boríték  |c 25 x 18 cm 
561 |a Kalmár László kínai hagyaték 
695 |a Levelezés - Kínai Tudományos Akadémia. Matematikai Kutatócsoport - Kalmár László 
856 4 0 |u http://misc.bibl.u-szeged.hu/57168/1/kalmar_001_07.pdf  |z Dokumentum-elérés